Ciencia y tecnología de la alfalfa. tomo 1 /

Guardado en:
Autor Principal: Hanson, C.
Formato: Libro
Publicado: Uruguay : Agropecuaria Hemisferio Sur, 1972
Materias:
Etiquetas: Agregar Etiqueta
Sin Etiquetas, Sea el primero en etiquetar este registro!
LEADER 00555nam a22001935a 4500
001 CEM.cems003157
008 130507s1972##################000#0#####d
005 20210825203045.0
003 CEMS
245 1 0 |a Ciencia y tecnología de la alfalfa. tomo 1 /  |c Hanson, C. 
260 |a Uruguay :  |b Agropecuaria Hemisferio Sur,  |c 1972 
300 |a 432 p. 
100 1 |a Hanson, C. 
082 0 4 |a 633.3 
653 |a Agricultura 
653 |a Alfalfa 
653 |a Alfalfa-enfermedades 
653 |a Pasturas 
859 |a CEMS  |b BIB. CEMS - Agricultura  |h 633.3  |i H198  |p A8627.81  |t Ej.1  |v I  |3 I